• 首页
  • 本馆介绍
  • 公告通知
  • 最新文献
  • 馆藏检索
  • 电子资源
  • 读者导购
  • 参考咨询
  • 我的图书馆
  • 登录
  • 详细信息显示
  • 放入我的书架
  • 预约/预借图书
  • 作者相关作品
  • 分类相关作品
  • 丛书相关作品
  • 出版社相关作品

书目信息

  • 表格格式
  • 工作单格式
  • 卡片格式
题名:
25个体育科学实验
    
 
作者: 托马舍克 著 ;刘辉 译
分册:  
出版信息: 上海   上海科学技术文献出版社  2019.6
页数: 127页
开本: 24cm
丛书名:
单 册:
中图分类: G8
科图分类:
主题词: 体育--科学实验
电子资源:
ISBN: 978-7-5439-7887-4
000 01167nam0 2200289 45
001 012001001490
005 20140914084827.0
010    @a978-7-5439-7887-4@dCNY28.00
100    @a20190730d2019 em y0chiy50 ea
101 1  @achi@ceng
102    @aCN@b310000
105    @aa z 000yy
106    @ar
200 1  @a25个体育科学实验@A25 ge ti yu ke xue shi yan@b专著@f(美)史蒂芬·M. 托马舍克著@g刘辉译
210    @a上海@c上海科学技术文献出版社@d2019.6
215    @a127页@c图,照片@d24cm
300    @a新知图书馆 第二辑 学校里的科学实验室
300    @a并列题名:Experimenting with everyday science
312    @a版权页英文题名:Experimenting with everyday science: sports
330    @a本书分为科学的运动员、力量与你同在、运动中的旋转、作用与反作用、碰撞和撞击五个部分,主要内容包括:感受你的脉搏、保持平衡、测试人体的反应时间、测试身体的柔韧性、体验肌肉极限、跑得更远还是更快、重力如何影响跳跃等。
510 1  @aExperimenting with everyday science@esports@zeng
606 0  @a体育@x科学实验
690    @aG8@v5
701  0 @c(美)@a托马舍克@Atuo ma she ke@4著
702  0 @a刘辉@Aliu hui@4译
801  0 @aCN@bBJSDL@c20211011
905    @b1334717-21@dG8@e853@f5
    
    25个体育科学实验/(美)史蒂芬·M. 托马舍克著/刘辉译.-上海:上海科学技术文献出版社,2019.6
    127页:图,照片;24cm
    新知图书馆 第二辑 学校里的科学实验室.-并列题名:Experimenting with everyday science
    
    ISBN 978-7-5439-7887-4:CNY28.00
    本书分为科学的运动员、力量与你同在、运动中的旋转、作用与反作用、碰撞和撞击五个部分,主要内容包括:感受你的脉搏、保持平衡、测试人体的反应时间、测试身体的柔韧性、体验肌肉极限、跑得更远还是更快、重力如何影响跳跃等。
●
相关链接 在E读中查询图书 在五车中查询图书 在当当中查询图书 在豆瓣中查询图书


正题名:25个体育科学实验     索取号:G8/853         预约/预借

序号 登录号 条形码 馆藏地/架位号 状态 备注
1 1334717   213347172   第一样本阅览室/ [索取号:G8/853] 在馆    
2 1334718   213347181   第四借阅区/ [索取号:G8/853] 在馆    
3 1334719   213347190   第四借阅区/ [索取号:G8/853] 在馆    
4 1334720   213347207   第四借阅区/ [索取号:G8/853] 在馆    
5 1334721   213347216   第四借阅区/ [索取号:G8/853] 在馆    
唐山师范学院图书馆 欢迎您!
大连网信软件有限公司© 版权所有